Statistiques concernant Joueurs Equipe de France de volley JO 2021

Cliquez ici pour prendre le quiz!

Statistiques générales

  • Ce quiz a été pris 469 fois
  • Le résultat moyen est 8 sur 13

Statistiques - réponses

HintRéponse% Correct
Réceptionneur-attaquantEarvin Ngapeth
94%
PointuJean Patry
83%
LibéroJenia Grebennikov
81%
SéléctionneurLaurent Tillie
79%
Réceptionneur-attaquantKevin Tilliie
78%
CentralNicolas Le Goff
77%
Passeur (cap.)Benjamin Toniutti
71%
PointuStephen Boyer
68%
CentralBarthélémy Chinenyeze
64%
Réceptionneur-attaquantTrevor Clevenot
63%
Réceptionneur-attaquantYacine Louati
44%
PasseurAntoine Brizart
28%
CentralDaryl Butor
6%

Distribution des résultats

Percentile par nombre de réponses

% des personnes avec chaque résultat

Votre développement - résultats

Vous n’avez pas pris ce quiz